000 00361nam a2200121 4500
999 _c10652
_d10652
008 180913b ||||| |||| 00| 0 eng d
100 _931113
_aRomero, Alexis
245 _aDuterte vows to end contractualization/
_cAlexis Romero
260 _aPhilippines
_bThe Philippine Star
_cc2016
300 _apage 2.
650 0 _931114
_aLabor contract.
942 _2ddc
_cPER